Theory and applications of finite groups /
Guardado en:
| Autor Principal: | |
|---|---|
| Otros Autores: | , |
| Formato: | Libro |
| Idioma: | English |
| Publicado: |
New York :
Dover,
1961.
|
| Etiquetas: |
Agregar Etiqueta
Sin Etiquetas, Sea el primero en etiquetar este registro!
|
| LEADER | 00709nam a22001815a 4500 | ||
|---|---|---|---|
| 001 | MAT.inmabb001146 | ||
| 008 | 031120r19611916nyu###########000#0#eng#d | ||
| 005 | 20151112184540.0 | ||
| 245 | 1 | 0 | |a Theory and applications of finite groups / |c by G. A. Miller, H. F. Blichfeldt, L. E. Dickson. |
| 260 | |a New York : |b Dover, |c 1961. | ||
| 300 | |a xvii, 390 p. ; |c 21 cm. | ||
| 500 | |a "Unabridged and corrected republication of the work first published by John Wiley and Sons in 1916." | ||
| 510 | 4 | |a MR, |c 23 #A925 | |
| 100 | 1 | |a Miller, G. A. |q (George Abram), |d 1863-1951. | |
| 700 | 1 | |a Blichfeldt, H. F. | |
| 700 | 1 | |a Dickson, Leonard E. |q (Leonard Eugene), |d 1874- | |
| 084 | |a 20 |2 msc2000 | ||
| 859 | |h 20 |i M6475 |p A-1151 |b BIB. MATEMATICA | ||
